Rozpoznaj Flagi Tych Państw #3 - Statystyki

Ogólne statystyki
  • Ten quiz został rozwiązany 371 razy
  • Średni wynik to 20 z 24
Statystyki odpowiedzi
Obrazkowy Odpowiedź % Poprawnych
Islandia
98%
Cypr
97%
Jamajka
97%
Serbia
97%
Albania
96%
Panama
96%
Tunezja
93%
Wenezuela
93%
Ekwador
89%
Algieria
88%
Indonezja
88%
Senegal
88%
Armenia
86%
Kostaryka
85%
Irak
82%
Honduras
81%
Andora
80%
Azerbejdżan
80%
Kamerun
77%
Czad
76%
Paragwaj
76%
Barbados
67%
Afganistan
66%
Haiti
63%
Nie znaleziono quizów pasujących do podanych kryteriów
Rozkład punktacji
Procent ludzi z każdym wynikiem
Percentyl według liczby udzielonych odpowiedzi
Twoja historia wyników
Nie rozwiązałeś tego quizu